• 首页
  • 本馆介绍
  • 公告通知
  • 最新文献
  • 馆藏检索
  • 电子资源
  • 读者导购
  • 参考咨询
  • 我的图书馆
  • 登录
  • 详细信息显示
  • 放入我的书架
  • 预约/预借图书
  • 作者相关作品
  • 分类相关作品
  • 丛书相关作品
  • 出版社相关作品

书目信息

  • 表格格式
  • 工作单格式
  • 卡片格式
书名: Abbreviations dictionary
作者: Ralph DeSola.
分册号:
分册名:
出版地: New York :
 
出版社: Elsevier
出版时间: c1981.
页数: xvi, 966 p. ;
开本: 24 cm.
丛书名:
中图分类号:
科图分类号:
其他分类号: H313.6-61
主题词:
电子资源:
000 01493pam a2200325 a 450
001 E0751940424
005 20070302142622.34
008 810212s1981 nyu d 000 0 eng
010    @a81000179
020    @a0444003800.
035    @A(DLC) 81000179
040    @aDLC@cDLC@dDLC
050 00 @aPE1693@b.D4 1981
082 00 @a423/.1@2 19
090    @aH313.6-61
099    @dH313.6-61@ex64=6
100 1  @aDe Sola, Ralph,@d1908-
245 10 @aAbbreviations dictionary / @cRalph DeSola.
250    @aExpanded international 6th ed.
260    @aNew York :@bElsevier,@cc1981.
300    @axvi, 966 p. ;@c24 cm.
500    @aSubtitle: Abbreviations, acronyms, anonyms, appellations, computer terminology, contractions, criminalistic and data-processing terms, eponyms, geographical equivalents, government agencies, historical, musical, and mythological characters, initialisms, medical and military terms, nations of the world, nicknames, ports of the world, short forms, shortcuts, signs and symbols, slang, superlatives, winds of the world, zip coding, zodiacal signs.
650  0 @aAcronyms.
650  0 @aSigns and symbols.
650  0 @aAbbreviations, English.
906    @a7@bcbc@corignew@d1@eocip@f19@gy-gencatlg
991    @br-MSSRef@hPE1693@i.D4 1981@tCopy 1@wBOOKS
991    @br-N&CPR@hPE1693@i.D4 1981@tCopy 999@wGenBib bi 92-005970
991    @bc-GenColl@hPE1693@i.D4 1981@p00031931575@tCopy 2@wCCF
991    @bc-GenColl@hPE1693@i.D4 1981@p00031931617@tCopy 3@wCCF
    
    Abbreviations dictionary / / Ralph DeSola.-Expanded international 6th ed.-New York : : Elsevier, , c1981.
    xvi, 966 p. ; ; 24 cm.
    Subtitle: Abbreviations, acronyms, anonyms, appellations, computer terminology, contractions, criminalistic and data-processing terms, eponyms, geographical equivalents, government agencies, historical, musical, and mythological characters, initialisms, medical and military terms, nations of the world, nicknames, ports of the world, short forms, shortcuts, signs and symbols, slang, superlatives, winds of the world, zip coding, zodiacal signs.
    
    ISBN 0444003800.
    
●
相关链接 在E读中查询图书 在五车中查询图书 在当当中查询图书 在豆瓣中查询图书


正题名:Abbreviations dictionary     索取号:H313.6-61/x64=6         预约/预借

序号 登录号 条形码 馆藏地/架位号 状态 备注
1 135642   001301727   第二样本阅览室/ [索取号:H313.6-61/x64=6] 在馆    
2 135643   001301763   第四借阅区/ [索取号:H313.6-61/x64=6] 在馆    
唐山师范学院图书馆 欢迎您!
大连网信软件有限公司© 版权所有